| 000 | 00426cam a2200157ua 4500 | ||
|---|---|---|---|
| 041 |
_aeng _h |
||
| 082 |
_a350 _bSIF/TO |
||
| 100 | _aSiffin, William J . | ||
| 245 |
_aToward the comparative study of public administration / _cWilliam J Siffin. _hTextual Documents |
||
| 250 |
_a1 / _b. |
||
| 260 |
_aIndiana : _bIndiana university press , _c1959. |
||
| 300 | _a331 ; . | ||
| 504 | _a | ||
| 942 | _cBK | ||
| 999 |
_c12458 _d12458 |
||